02522cam a22003495a 45000010009000000050017000090080041000260100017000670200015000840200018000990400029001170420008001460820022001541000030001762450076002062500031002822600048003133000038003615000026003995040041004255051016004665200271014826500064017536500059018176500045018766510010019216530025019317000030019569420026019869990017020129520143020291834470020160811095430.0141023s2016 nyua frb 001 0 eng d a 2014040020 a1259252450 a9781259252457 aDLCbengcDLCdEG-ScBUE  apcc04222a621.3815bJAE1 aJaeger, Richard C.93259010aMicroelectronic circuit design /cRichard C. Jaeger, Travis N. Blalock. a5th ed., international ed. aNew York :bMcGraw-Hill Education,cc.2016. axxviii, 1325 p. :bill. ;c26 cm. aIndex : p. 1303-1325. aIncludes bibliographical references. aPart I - Solid State Electronics and Devices: Chapter 1 Introduction to Electronics -- Chapter 2 Solid-State Electronics -- Chapter 3 Solid-State Diodes and Diode Circuits -- Chapter 4 Field-Effect Transistors -- Chapter 5 Bipolar Junction Transistors -- Part II - Digital Electronics: Chapter 6 Introduction to Digital Electronics -- Chapter 7 Complementary MOS (CMOS) Logic Design -- Chapter 8 MOS Memory Circuits -- Chapter 9 Bipolar Logic Circuits -- Part III Analog Electronics : Chapter 10 Analog Systems and Ideal Operational Amplifiers -- Chapter 11 Nonideal Operational Amplifiers and Feedback Amplifier Stability -- Chapter 12 Operational Amplifier Applications -- Chapter 13 Small-Signal Modeling and Linear Amplification -- Chapter 14 Single Transistor Amplifiers -- Chapter 15 Differential Amplifiers and Operational Amplifier Design -- Chapter 16 Analog Integrated Circuit Design Techniques -- Chapter 17 Amplifier Frequency Response -- Chapter 18 Transistor Feedback Amplifiers and Oscillators. aPresents a balanced coverage of analog and digital circuits. This book helps students to develop a comprehensive understanding of the basic techniques of modern electronic circuit design, analog and digital, discrete and integrated. It features a spectrum of topics. 7aIntegrated circuitsxDesign and construction.2BUEsh932591 7aSemiconductorsxDesign and construction.2BUEsh932592 7aElectronic circuit design.2BUEsh933899 2BUEsh bENGGENcAugust 2016 1 aBlalock, Travis N.932593 2ddce22k621.3815 JAE c22161d22133 00102ddc40708BaccahaMAINbMAINc1STd2016-08-11ePurchaseg480.00h25844l0o621.3815 JAEp000033211r2025-07-15 00:00:00v600.00yBB